That's All Right Lyrics - Statistics

General Stats
  • This quiz has been taken 9 times
  • The average score is 115 of 137
Answer Stats
Answer % Correct
All
100%
Do
100%
For
100%
Mama
100%
Right
100%
That
100%
That's
100%
You
100%
Be
83%
But
83%
Good
83%
I
83%
I'm
83%
Just
83%
Me
83%
No
83%
Now
83%
She
83%
Then
83%
Told
83%
Well
83%
Your
83%
You're
83%
Ain't
67%
Anyway
67%
Around
67%
Baby
67%
Bothered
67%
Da
67%
Done
67%
Door
67%
Fooling
67%
Girl
67%
Hanging
67%
Leaving
67%
Papa
67%
Sure
67%
Too
67%
Town
67%
With
67%
Won't
67%
Dee
50%
Son
50%
Ah
33%
Lovin'
17%
Need
17%
No matching quizzes found
Score Distribution
Percent of People with Each Score
Percentile by Number Answered
Your Score History
You have not taken this quiz